| 000 | 00625nam a22001937a 4500 | ||
|---|---|---|---|
| 003 | OSt | ||
| 005 | 20260204085341.0 | ||
| 008 | 260204b |||||||| |||| 00| 0 eng d | ||
| 020 | _a971-510-060-0. | ||
| 040 |
_aDWC-Main lib _cOC |
||
| 082 | _aFil. 242 R111p 1992 | ||
| 100 | _aRaas, Bernhard | ||
| 245 |
_aPopular devotions : _bmaking popular religious practices more potent vehicles of spiritual growth _cBernhard Raas |
||
| 260 |
_aManila : _bLogos Publications, _cc1992. |
||
| 300 |
_a192 pages : _c21 cm. |
||
| 650 | _a1. Catholic church-Prayers. | ||
| 651 | _a2. Devotional exercises. | ||
| 942 |
_2ddc _cBK-FIL _kFil. _n0 |
||
| 999 |
_c8280 _d8280 |
||